| 000 | 00698nam a2200217 a 4500 | ||
|---|---|---|---|
| 008 | |||
| 049 | _aMAIN | ||
| 090 |
_aQK882 _bROS |
||
| 100 | 1 | _aRosenberg, Jerome Laib. | |
| 245 | 1 | 0 |
_aPhotosynthesis, _bthe basic process of food-making in green plants/ _c Jerome L. Rosenberg. |
| 260 |
_aNew York : _bHolt, Rinehart and Winston, _c[1965] |
||
| 300 |
_a127 p. : _bill. ; _c21 cm. |
||
| 440 |
_aHolt library of science, ser. 2, _vv. 21. |
||
| 504 | _aIncludes bibliographical references. | ||
| 650 | 0 | _aPhotosynthesis. | |
| 907 |
_a.b10015012 _b23-04-12 _c17-04-03 |
||
| 003 | |||
| 005 | 20230123133130.0 | ||
| 040 | _cNUST | ||
| 942 |
_cBOOKS _kQK882 _mROS |
||
| 999 |
_c143278 _d143278 |
||